| 000 | 00000cas 2200000za 4500 |
| 001 | 9.507674 |
| 003 | CaOODSP |
| 005 | 20260105082025 |
| 007 | cr ||||||||||| |
| 008 | 150406d20052005oncar p o||||f| |0eng|d |
| 040 | |aCaOODSP|beng |
| 043 | |an-cn--- |
| 086 | 1 |aM38E-PDF |
| 110 | 2 |aCanada Centre for Mineral and Energy Technology. |
| 245 | 10|aAnnual review |h[electronic resource] / |cCANMET Mining and Mineral Sciences Laboratories. |
| 246 | 1 |iVariant title : |aCANMET Mining and Mineral Sciences Laboratories annual review for ... |
| 260 | |aOttawa : |bNatural Resources Canada|cc2006. |
| 310 | |aAnnual |
| 362 | 0 |a2005. |
| 690 | 07|aLaboratories|2gcpds |
| 690 | 07|aMining industry|2gcpds |
| 690 | 07|aMining technology|2gcpds |
| 690 | 07|aScientific research|2gcpds |
| 775 | 08|tRevue annuelle |w(CaOODSP)9.504057 |
| 780 | 00|tAnnual report |w(CaOODSP)9.507672 |